[Event "BL 1920 FC Bayern München - USV TU Dre"]
[Site "?"]
[Date "2019.12.08"]
[Round "4.8"]
[White "Rafiee, Makan"]
[Black "Moehn, Hans"]
[Result "1/2-1/2"]
[WhiteElo "2335"]
[BlackElo "2373"]
[PlyCount "98"]
[EventDate "2019.??.??"]

1. e4 e6 2. d4 d5 3. Nc3 Nf6 4. e5 Nfd7 5. f4 c5 6. Nce2 Nc6 7. c3 Be7 8. Nf3
O-O 9. a3 f6 10. Neg1 Qb6 11. b4 cxd4 12. cxd4 f5 13. Be3 Qd8 14. Bd3 Nb6 15.
Nd2 Bd7 16. Ne2 Rc8 17. Kf2 Nb8 18. Qb3 Ba4 19. Qa2 Qd7 20. Rhc1 Bb5 21. Qb3 a6
22. Ra2 Rxc1 23. Nxc1 Rc8 24. Rc2 Ba4 25. Rxc8+ Qxc8 26. Qb2 N8d7 27. Ncb3 Nc4
28. Qc3 Bb5 29. Nc5 Bxc5 30. dxc5 Nxd2 31. Qxd2 Qc6 32. Bc2 Bc4 33. Bd4 Nf8 34.
h3 Ng6 35. g4 Ne7 36. Qd1 Qe8 37. gxf5 Nxf5 38. Bxf5 exf5 39. Bc3 Qe6 40. Qh5
d4 41. Bxd4 Bb5 42. Qf3 Qa2+ 43. Ke1 Bc6 44. Qe3 Qb1+ 45. Kf2 Be4 46. Bc3 h6
47. Qe1 Qd3 48. Qe3 Qb1 49. Qe1 Qd3 1/2-1/2

[Event "BL 1920 SG Solingen - Schachfreunde Dei"]
[Site "?"]
[Date "2019.12.08"]
[Round "4.1"]
[White "Leko, Peter"]
[Black "Ragger, Markus"]
[Result "0-1"]
[WhiteElo "2670"]
[BlackElo "2670"]
[PlyCount "68"]
[EventDate "2019.??.??"]

1. Nf3 Nf6 2. c4 c5 3. Nc3 d5 4. cxd5 Nxd5 5. e3 e6 6. Nxd5 exd5 7. Bb5+ Bd7 8.
Bxd7+ Qxd7 9. b3 Be7 10. O-O O-O 11. Ba3 b6 12. d4 a5 13. Ne5 Qb7 14. Rc1 Na6
15. Qf3 cxd4 16. Bxe7 Qxe7 17. exd4 Nc7 18. Rc6 Ne6 19. Qg4 Rfe8 20. Rxb6 Nxd4
21. Qxd4 Qxe5 22. Qxe5 Rxe5 23. a4 g6 24. Rb5 Re2 25. g3 Rd2 26. Re1 Rc8 27.
Re3 d4 28. Rf3 Rd8 29. Re5 d3 30. Ree3 Rd1+ 31. Kg2 f5 32. h3 g5 33. Kh2 g4 34.
Rxf5 d2 0-1

[Event "BL 1920 SG Solingen - Schachfreunde Dei"]
[Site "?"]
[Date "2019.12.08"]
[Round "4.2"]
[White "L'Ami, Erwin"]
[Black "Heimann, Andreas"]
[Result "1/2-1/2"]
[WhiteElo "2609"]
[BlackElo "2617"]
[PlyCount "56"]
[EventDate "2019.??.??"]

1. d4 Nf6 2. c4 e6 3. Nf3 d5 4. Nc3 Be7 5. Bg5 h6 6. Bh4 O-O 7. e3 b6 8. Be2
dxc4 9. Bxc4 Bb7 10. O-O Nbd7 11. Bg3 c5 12. Qe2 a6 13. a4 cxd4 14. exd4 Nh5
15. Rad1 Nxg3 16. hxg3 Nf6 17. Ne5 Bb4 18. f4 Bxc3 19. bxc3 Ne4 20. Qe3 Rc8 21.
Rc1 b5 22. axb5 axb5 23. Bxb5 Nxc3 24. Rxc3 Qd5 25. Bc6 Bxc6 26. Nxc6 Rxc6 27.
Rxc6 Qxc6 28. f5 Rd8 1/2-1/2

[Event "BL 1920 SG Solingen - Schachfreunde Dei"]
[Site "?"]
[Date "2019.12.08"]
[Round "4.3"]
[White "Meier, Georg"]
[Black "Van Foreest, Jorden"]
[Result "1/2-1/2"]
[WhiteElo "2626"]
[BlackElo "2646"]
[PlyCount "59"]
[EventDate "2019.??.??"]

1. Nf3 d5 2. g3 g6 3. Bg2 Bg7 4. d4 Nf6 5. O-O O-O 6. c4 c6 7. cxd5 cxd5 8. Nc3
Nc6 9. Ne5 Bf5 10. Nxc6 bxc6 11. Be3 Ng4 12. Bf4 e5 13. dxe5 Nxe5 14. Rc1 Re8
15. b3 h5 16. Qd2 h4 17. Rfd1 h3 18. Bf1 Qe7 19. Na4 d4 20. Nc5 Rad8 21. Bxe5
Qxe5 22. Nd3 Qd6 23. Rc4 Kh7 24. Nf4 Qe7 25. Bxh3 Bxh3 26. Nxh3 Qxe2 27. Nf4
Qg4 28. Kg2 Be5 29. Qe2 Qd7 30. Qf3 1/2-1/2

[Event "BL 1920 SG Solingen - Schachfreunde Dei"]
[Site "?"]
[Date "2019.12.08"]
[Round "4.4"]
[White "Andersen, Mads"]
[Black "Krasenkow, Michal"]
[Result "1-0"]
[WhiteElo "2594"]
[BlackElo "2611"]
[PlyCount "173"]
[EventDate "2019.??.??"]

1. d4 Nf6 2. Bf4 d6 3. Nc3 Nbd7 4. Nf3 c6 5. e4 Qb6 6. Rb1 e5 7. Bg3 exd4 8.
Nxd4 Nc5 9. f3 a5 10. Be2 Be7 11. O-O O-O 12. Qd2 h6 13. Bf2 Rd8 14. a3 Qc7 15.
b4 axb4 16. axb4 Na4 17. Ra1 Nb6 18. Rxa8 Nxa8 19. Ra1 Bd7 20. g4 d5 21. e5 Ne8
22. Bg3 Qc8 23. Nd1 Nec7 24. Ne3 Ne6 25. Ndf5 Bf8 26. Nd6 Qc7 27. Kg2 Nb6 28.
Ra7 Rb8 29. c4 Nc8 30. Nxc8 Rxc8 31. cxd5 cxd5 32. Nxd5 Qd8 33. Ra3 Bc6 34. Rd3
Qe8 35. Nb6 Rb8 36. Nc4 Bb5 37. Rd5 Bxc4 38. Bxc4 Qa4 39. Qa2 Qxa2+ 40. Bxa2
Bxb4 41. f4 Rc8 42. Bb1 Be1 43. Rb5 Bxg3 44. hxg3 Rc7 45. Be4 Nc5 46. Bd5 Kf8
47. Kf3 Ke7 48. Ke3 Nd7 49. Bxb7 Rc3+ 50. Kf2 f6 51. exf6+ Nxf6 52. Bf3 Rc2+
53. Ke3 Rc3+ 54. Ke2 Ra3 55. g5 hxg5 56. Rxg5 Kf8 57. Kf2 Ra2+ 58. Kg1 Rb2 59.
Re5 Kf7 60. Be2 Rc2 61. Bf3 Rb2 62. Rc5 Kf8 63. Rg5 Kf7 64. Bg2 Kf8 65. Kh2 Kf7
66. Kh3 Rc2 67. Re5 Rc3 68. Bf1 Kf8 69. Be2 Kf7 70. Kh4 Nd7 71. Rf5+ Nf6 72. g4
Kg8 73. Re5 Kf7 74. g5 Nd7 75. Rf5+ Kg8 76. Rd5 Nf8 77. f5 Kf7 78. Rd4 Re3 79.
Bc4+ Ke7 80. Kg4 Nd7 81. Kf4 Re1 82. Bb5 Nb6 83. Bc6 Rf1+ 84. Kg4 Rg1+ 85. Kh5
Rc1 86. Re4+ Kf7 87. Re6 1-0

[Event "BL 1920 SG Solingen - Schachfreunde Dei"]
[Site "?"]
[Date "2019.12.08"]
[Round "4.5"]
[White "Bluebaum, Matthias"]
[Black "Van Wely, Loek"]
[Result "1/2-1/2"]
[WhiteElo "2644"]
[BlackElo "2609"]
[PlyCount "53"]
[EventDate "2019.??.??"]

1. d4 d5 2. c4 c6 3. Nc3 e6 4. e3 Nf6 5. Nf3 Nbd7 6. Bd3 dxc4 7. Bxc4 b5 8. Bd3
Bb7 9. O-O a6 10. e4 c5 11. d5 c4 12. Bc2 Qc7 13. dxe6 fxe6 14. Ne2 e5 15. Ng3
Bc5 16. b3 O-O 17. bxc4 bxc4 18. Qe2 Kh8 19. Be3 a5 20. Ng5 Qc6 21. Bxc5 Nxc5
22. Qxc4 Ba6 23. Nf7+ Kg8 24. Nh6+ Kh8 25. Nf7+ Kg8 26. Nh6+ Kh8 27. Nf7+
1/2-1/2

[Event "BL 1920 SG Solingen - Schachfreunde Dei"]
[Site "?"]
[Date "2019.12.08"]
[Round "4.6"]
[White "Predojevic, Borki"]
[Black "Donchenko, Alexander"]
[Result "1/2-1/2"]
[WhiteElo "2616"]
[BlackElo "2644"]
[PlyCount "70"]
[EventDate "2019.??.??"]

1. e4 c5 2. Nc3 d6 3. g3 Nc6 4. Bg2 g6 5. d3 Bg7 6. Nge2 e6 7. O-O Nge7 8. Bg5
h6 9. Be3 Nd4 10. Rb1 Nec6 11. a3 a6 12. b4 b5 13. e5 d5 14. f4 Bf8 15. Qd2 Bb7
16. bxc5 Bxc5 17. Nxd4 Bxd4 18. Bxd4 Nxd4 19. Qf2 Nf5 20. Na4 Rc8 21. Nc5 Qb6
22. Nxb7 Qxb7 23. c4 Ne7 24. g4 Qd7 25. f5 gxf5 26. cxd5 Nxd5 27. gxf5 exf5 28.
Rbe1 Ne7 29. Kh1 Rd8 30. e6 fxe6 31. Qe2 Qd6 32. Qxe6 Qxe6 33. Rxe6 Kf7 34.
Rxa6 Rxd3 35. Be4 Rd2 1/2-1/2

[Event "BL 1920 SG Solingen - Schachfreunde Dei"]
[Site "?"]
[Date "2019.12.08"]
[Round "4.8"]
[White "Naumann, Alexander"]
[Black "Graf, Alexander"]
[Result "1/2-1/2"]
[WhiteElo "2542"]
[BlackElo "2572"]
[PlyCount "44"]
[EventDate "2019.??.??"]

1. e4 e6 2. d4 d5 3. Nd2 c5 4. exd5 Qxd5 5. Ngf3 cxd4 6. Bc4 Qd6 7. O-O Nf6 8.
Nb3 Nc6 9. Nbxd4 Nxd4 10. Nxd4 Bd7 11. c3 Be7 12. Qe2 O-O 13. Rd1 Qc7 14. Nb5
Qb6 15. a4 a6 16. a5 Qc6 17. Nd4 Qc7 18. Bg5 Nd5 19. Bxe7 Nxe7 20. Nf3 Rfd8 21.
Bd3 Be8 22. Be4 Rab8 1/2-1/2

[Event "BL 1920 SV Mülheim Nord - OSG Baden-Ba"]
[Site "?"]
[Date "2019.12.08"]
[Round "4.2"]
[White "Vrolijk, Liam"]
[Black "Wojtaszek, Radoslaw"]
[Result "1/2-1/2"]
[WhiteElo "2467"]
[BlackElo "2725"]
[PlyCount "51"]
[EventDate "2019.??.??"]

1. d4 Nf6 2. c4 e6 3. Nc3 Bb4 4. Qc2 d5 5. a3 Bxc3+ 6. Qxc3 dxc4 7. Qxc4 b6 8.
Bf4 Ba6 9. Qxc7 Qd5 10. Qd6 Qa5+ 11. Qb4 Nc6 12. Qxa5 Nxa5 13. Nf3 Nb3 14. Rb1
Rc8 15. e3 Bxf1 16. Rxf1 Ne4 17. Ke2 f5 18. Kd3 Ke7 19. Bg3 h6 20. Rfd1 Rhd8
21. Ne5 Rc5 22. Nc4 Rc6 23. Ne5 Rc5 24. Nc4 Rc6 25. Ne5 Rc5 26. Nc4 1/2-1/2

[Event "BL 1920 SV Mülheim Nord - OSG Baden-Ba"]
[Site "?"]
[Date "2019.12.08"]
[Round "4.3"]
[White "Rapport, Richard"]
[Black "Buckels, Valentin"]
[Result "1-0"]
[WhiteElo "2758"]
[BlackElo "2460"]
[PlyCount "65"]
[EventDate "2019.??.??"]

1. Nf3 Nf6 2. g3 d5 3. Bg2 e6 4. O-O c5 5. d3 Nc6 6. Na3 Be7 7. Bf4 O-O 8. e4
b6 9. Re1 Bb7 10. e5 Ne8 11. c3 Qd7 12. h4 Nc7 13. Nc2 d4 14. c4 Rae8 15. Ng5
f6 16. exf6 Bxf6 17. Qg4 Bxg5 18. hxg5 Qf7 19. g6 hxg6 20. Be4 Ne5 21. Bxe5
Qxf2+ 22. Kh1 Bxe4+ 23. Rxe4 Qxc2 24. Qxg6 Re7 25. Rh4 Rf5 26. g4 Qf2 27. Qh7+
Kf7 28. gxf5 Qf3+ 29. Kh2 Qe2+ 30. Kh3 Qxe5 31. Qh5+ Kg8 32. Rf1 exf5 33. Qh7+
1-0

[Event "BL 1920 SV Mülheim Nord - OSG Baden-Ba"]
[Site "?"]
[Date "2019.12.08"]
[Round "4.4"]
[White "Hausrath, Daniel"]
[Black "Bacrot, Etienne"]
[Result "1/2-1/2"]
[WhiteElo "2476"]
[BlackElo "2669"]
[PlyCount "46"]
[EventDate "2019.??.??"]

1. Nf3 d5 2. g3 Nf6 3. Bg2 e6 4. O-O Be7 5. d3 O-O 6. c3 c5 7. a3 b6 8. b4 Bb7
9. Nbd2 Nbd7 10. Bb2 Qc7 11. Re1 Rad8 12. Rc1 Rfe8 13. Qb3 Bf8 14. c4 d4 15. b5
e5 16. e4 g6 17. Ra1 a5 18. Qd1 Bg7 19. Bc1 Rf8 20. Nf1 Ne8 21. Ra2 Nd6 22. g4
Rfe8 23. Ng3 Nf8 1/2-1/2

[Event "BL 1920 SV Mülheim Nord - OSG Baden-Ba"]
[Site "?"]
[Date "2019.12.08"]
[Round "4.5"]
[White "Shirov, Alexei"]
[Black "Dinstuhl, Volkmar"]
[Result "0-1"]
[WhiteElo "2684"]
[BlackElo "2380"]
[PlyCount "80"]
[EventDate "2019.??.??"]

1. e4 c5 2. Nf3 d6 3. d4 cxd4 4. Nxd4 Nf6 5. Nc3 a6 6. Be3 e5 7. Nb3 Be6 8. f3
Be7 9. Qd2 O-O 10. O-O-O Nbd7 11. g4 Nb6 12. g5 Nfd7 13. h4 Rc8 14. Kb1 Qc7 15.
h5 f5 16. g6 f4 17. gxh7+ Kh8 18. Bf2 Nf6 19. Bh4 d5 20. h6 gxh6 21. Bxf6+ Bxf6
22. Rxh6 d4 23. Nd5 Nxd5 24. exd5 Bxd5 25. Bd3 Bxf3 26. Rg1 Bg7 27. Rhg6 Rf7
28. Bf5 Rcf8 29. Be6 Re7 30. Qb4 Rd8 31. Nd2 Bc6 32. Bf5 e4 33. Bxe4 Bxe4 34.
Nxe4 Rc8 35. Qd2 Qe5 36. Ng5 Qe3 37. Qd1 d3 38. c3 d2 39. Re6 Rxe6 40. Nf7+
Kxh7 0-1

[Event "BL 1920 SV Mülheim Nord - OSG Baden-Ba"]
[Site "?"]
[Date "2019.12.08"]
[Round "4.6"]
[White "Rezasade, Amir"]
[Black "Kasimdzhanov, Rustam"]
[Result "0-1"]
[WhiteElo "2335"]
[BlackElo "2664"]
[PlyCount "136"]
[EventDate "2019.??.??"]

1. c4 e5 2. g3 Nf6 3. Bg2 d5 4. cxd5 Nxd5 5. Nf3 Nc6 6. O-O Bc5 7. d3 O-O 8. a3
a5 9. Nc3 Re8 10. Ng5 Nf6 11. Qa4 Nd4 12. e3 Ne6 13. Nf3 Bd6 14. d4 exd4 15.
Nxd4 Nxd4 16. Qxd4 Qe7 17. Qh4 c6 18. e4 Be6 19. Bf4 Bxf4 20. Qxf4 Nd7 21. Qc7
Nc5 22. Qxe7 Rxe7 23. Rfd1 Ree8 24. b4 Nb3 25. Rab1 axb4 26. axb4 Ra3 27. b5 g6
28. h3 Kg7 29. g4 Bc4 30. bxc6 bxc6 31. Rb2 Nc5 32. Nb1 Ra1 33. Nc3 Rxd1+ 34.
Nxd1 Nxe4 35. Rb4 Nd6 36. Ne3 Bb5 37. Rd4 Re6 38. g5 h5 39. h4 Nc8 40. Rd8 Nb6
41. Rb8 Nd7 42. Rb7 Nc5 43. Rc7 Nd3 44. Bf1 Rd6 45. Bg2 Nf4 46. Bf3 Ne6 47. Rc8
Rd4 48. Ng2 c5 49. Kh2 Bd7 50. Rb8 Rb4 51. Ra8 c4 52. Ne3 c3 53. Kg3 Ra4 54.
Rb8 Rc4 55. Rb1 Rc5 56. Be4 Ba4 57. Bc2 Bxc2 58. Nxc2 Kf8 59. Rb8+ Ke7 60. Rb7+
Ke8 61. Rb8+ Kd7 62. Rb7+ Rc7 63. Rxc7+ Kxc7 64. Kf3 Ng7 65. Ke4 Nf5 66. Ke5
Nxh4 67. Kd4 Nf3+ 68. Kxc3 h4 {Kd4} 0-1

[Event "BL 1920 SV Mülheim Nord - OSG Baden-Ba"]
[Site "?"]
[Date "2019.12.08"]
[Round "4.7"]
[White "Movsesian, Sergei"]
[Black "Hoenig, Alexander"]
[Result "1-0"]
[WhiteElo "2639"]
[BlackElo "2190"]
[PlyCount "90"]
[EventDate "2019.??.??"]

1. Nf3 d5 2. g3 Nf6 3. Bg2 Bf5 4. O-O e6 5. c4 Bxb1 6. Rxb1 c6 7. Qb3 Qb6 8.
Qc2 a5 9. d3 Nbd7 10. cxd5 exd5 11. e4 dxe4 12. dxe4 Bc5 13. e5 Ng4 14. Bf4 Nf8
15. Ng5 Ng6 16. Bh3 Nxf2 17. Rxf2 Nxf4 18. gxf4 Bxf2+ 19. Qxf2 Qxf2+ 20. Kxf2
Rd8 21. Ke3 Ke7 22. Ne4 Rd5 23. Nd6 Rd8 24. Bg2 R5xd6 25. exd6+ Rxd6 26. Rc1
Rh6 27. h3 Rh5 28. b3 Kd6 29. Rd1+ Kc7 30. Rd4 Rc5 31. Rc4 Kd6 32. Kd3 Rf5 33.
Rd4+ Kc7 34. Bf3 Rc5 35. Rc4 Rf5 36. Bg4 Rb5 37. Rd4 f5 38. Bf3 Rc5 39. Rc4 Kd6
40. a4 b5 41. Rxc5 Kxc5 42. Kc3 h6 43. h4 g6 44. Bg2 Kd6 45. Kd4 c5+ {Ke4 Kd5+}
1-0

[Event "BL 1920 SV Mülheim Nord - OSG Baden-Ba"]
[Site "?"]
[Date "2019.12.08"]
[Round "4.8"]
[White "Baltic, Fatih"]
[Black "Gustafsson, Jan"]
[Result "1/2-1/2"]
[WhiteElo "2253"]
[BlackElo "2643"]
[PlyCount "78"]
[EventDate "2019.??.??"]

1. e4 c6 2. Nc3 d5 3. Nf3 Bg4 4. h3 Bxf3 5. Qxf3 e6 6. d3 Nd7 7. Bd2 Qb6 8.
O-O-O d4 9. Ne2 a5 10. e5 Nxe5 11. Qe4 Ng6 12. Qxd4 Bc5 13. Qc3 Nf6 14. d4 Bb4
15. Qd3 Bxd2+ 16. Qxd2 a4 17. a3 Ra5 18. Nc3 O-O 19. Qe2 Rd8 20. Qc4 Qc7 21. g3
Ne7 22. Bg2 Nf5 23. Qb4 Rda8 24. Rhe1 Nd5 25. Bxd5 cxd5 26. Re2 R8a6 27. Na2
Rc6 28. Qe1 Rc4 29. Red2 Ne7 30. Qe2 Nc6 31. Rd3 Ra8 32. Kb1 Qb6 33. c3 Re8 34.
Re3 Qc7 35. Nc1 Qb6 36. Na2 Ra8 37. f4 Qd8 38. Nc1 Qf6 39. Nd3 Na5 1/2-1/2

[Event "BL 1920 SV Hockenheim - SV Werder Breme"]
[Site "?"]
[Date "2019.12.08"]
[Round "4.1"]
[White "Nabaty, Tamir"]
[Black "Fedoseev, Vladimir"]
[Result "1-0"]
[WhiteElo "2647"]
[BlackElo "2677"]
[PlyCount "101"]
[EventDate "2019.??.??"]

1. e4 c6 2. d4 d5 3. exd5 cxd5 4. Bd3 Nc6 5. c3 e6 6. Bf4 Bd6 7. Bxd6 Qxd6 8.
Qg4 g6 9. Qg3 Qxg3 10. hxg3 Nf6 11. f3 e5 12. dxe5 Nxe5 13. Bf1 O-O 14. Na3 d4
15. cxd4 Nc6 16. Bc4 Nxd4 17. Rd1 Nc6 18. Ne2 a6 19. Kf2 b5 20. Bb3 Na5 21. Nc2
Bb7 22. Rd6 Kg7 23. g4 Rfd8 24. Rhd1 Rxd6 25. Rxd6 Rc8 26. Ned4 Rc7 27. Nb4 Rd7
28. Rxd7 Nxd7 29. Bd5 Nc5 30. b3 Kf6 31. f4 h6 32. Bxb7 Naxb7 33. Nd5+ Kg7 34.
b4 Ne4+ 35. Ke3 Nf6 36. Nxf6 Kxf6 37. Ke4 Nd6+ 38. Kd5 Nc4 39. Kc6 Ne3 40. g3
g5 41. Kb7 gxf4 42. gxf4 Nxg4 43. Kxa6 h5 44. Kxb5 h4 45. Nf3 h3 46. a4 Ke7 47.
Kc6 Ne3 48. a5 Nc2 49. b5 Kd8 50. a6 Nd4+ 51. Kb6 1-0

[Event "BL 1920 SV Hockenheim - SV Werder Breme"]
[Site "?"]
[Date "2019.12.08"]
[Round "4.2"]
[White "Inarkiev, Ernesto"]
[Black "Areshchenko, Alexander"]
[Result "1/2-1/2"]
[WhiteElo "2663"]
[BlackElo "2675"]
[PlyCount "88"]
[EventDate "2019.??.??"]

1. Nf3 Nf6 2. c4 c5 3. d4 cxd4 4. Nxd4 Nc6 5. Nc3 e6 6. g3 Qb6 7. Nf3 d5 8.
cxd5 Nxd5 9. Nxd5 exd5 10. Bg2 Bb4+ 11. Bd2 Bc5 12. O-O Bf5 13. Rc1 O-O 14. a3
a5 15. Bf4 Rfd8 16. Nh4 Be6 17. Qd3 Bd4 18. Nf3 Bf6 19. Ng5 Bxg5 20. Bxg5 Rd7
21. Rc2 h6 22. Bf4 a4 23. Rfc1 Rdd8 24. h3 Ra5 25. g4 Re8 26. Be3 Qd8 27. Bd2
Ra6 28. Rc5 Ne5 29. Qd4 Nc6 30. Qf4 Rb6 31. R1c2 d4 32. Be4 Ba2 33. g5 hxg5 34.
Rxg5 Qxg5+ 35. Qxg5 Rxe4 36. Bf4 Rb3 37. Rd2 Re6 38. Qf5 Rf6 39. Qc8+ Kh7 40.
Bg5 Rg6 41. Qf5 Ne7 42. Qe5 Nc6 43. Qf5 Ne7 44. Qe5 Nc6 1/2-1/2

[Event "BL 1920 SV Hockenheim - SV Werder Breme"]
[Site "?"]
[Date "2019.12.08"]
[Round "4.3"]
[White "Efimenko, Zahar"]
[Black "Ponomariov, Ruslan"]
[Result "1/2-1/2"]
[WhiteElo "2606"]
[BlackElo "2634"]
[PlyCount "40"]
[EventDate "2019.??.??"]

1. Nf3 d5 2. g3 g6 3. Bg2 Bg7 4. d4 Nd7 5. O-O Ngf6 6. a4 a5 7. b3 O-O 8. Bb2
b6 9. c4 e6 10. Na3 Bb7 11. e3 Ne4 12. Qe2 Nb8 13. Rfd1 Na6 14. Nb5 Nb4 15.
Rac1 Na2 16. Ra1 Nb4 17. Rac1 Na2 18. Ra1 Nb4 19. Rac1 Na2 20. Ra1 Nb4 1/2-1/2

[Event "BL 1920 SV Hockenheim - SV Werder Breme"]
[Site "?"]
[Date "2019.12.08"]
[Round "4.4"]
[White "Saric, Ivan"]
[Black "Van Foreest, Lucas"]
[Result "1-0"]
[WhiteElo "2651"]
[BlackElo "2526"]
[PlyCount "81"]
[EventDate "2019.??.??"]

1. e4 e5 2. Nf3 Nc6 3. Bb5 Nf6 4. O-O Nxe4 5. d4 Nd6 6. Bxc6 dxc6 7. dxe5 Nf5
8. Qxd8+ Kxd8 9. Rd1+ Ke8 10. Nc3 Be7 11. Ne2 Nh4 12. Nxh4 Bxh4 13. a4 h5 14.
a5 Be7 15. h3 g5 16. Ng3 g4 17. hxg4 Bxg4 18. f3 Be6 19. Be3 h4 20. Ne4 Rh5 21.
Nf6+ Bxf6 22. exf6 c5 23. Kf2 Rd8 24. Rh1 b6 25. axb6 axb6 26. Ra4 c4 27. Ra7
Rc8 28. Bd4 Rd8 29. Ke3 c5 30. Bc3 h3 31. g4 Rh7 32. Be5 Bd5 33. Rh2 Be6 34.
Re7+ Kf8 35. Rb7 Kg8 36. Rxb6 Re8 37. Kf4 Rh6 38. Rd6 Ra8 39. Rd1 Kh7 40. Kg3
Re8 41. Bf4 1-0

[Event "BL 1920 SV Hockenheim - SV Werder Breme"]
[Site "?"]
[Date "2019.12.08"]
[Round "4.5"]
[White "Spoelman, Wouter"]
[Black "Braun, Arik"]
[Result "1/2-1/2"]
[WhiteElo "2583"]
[BlackElo "2600"]
[PlyCount "84"]
[EventDate "2019.??.??"]

1. c4 e6 2. Nf3 d5 3. g3 Nf6 4. Bg2 d4 5. O-O c5 6. e3 Nc6 7. exd4 cxd4 8. d3
Bd6 9. Bg5 h6 10. Bxf6 Qxf6 11. Nbd2 Qe7 12. a3 a5 13. Ne4 O-O 14. Nxd6 Qxd6
15. Nd2 a4 16. Rc1 Qc7 17. c5 Ne5 18. f4 Ng6 19. Ne4 Ra5 20. Qc2 Ne7 21. Qc4
Nf5 22. Qb4 Ne3 23. Rfe1 Rd8 24. Nd6 Nxg2 25. Kxg2 Bd7 26. Kg1 Bc6 27. f5 exf5
28. Re5 f6 29. Re2 Bf3 30. Rec2 Kh7 31. Nxf5 Raa8 32. Nxd4 Bd5 33. Re1 Re8 34.
Rce2 Rxe2 35. Rxe2 Qd7 36. Qe1 Rc8 37. c6 Bxc6 38. Nxc6 Rxc6 39. Rd2 Qd4+ 40.
Kg2 Rb6 41. Qf2 Qd5+ 42. Qf3 Qd4 1/2-1/2

[Event "BL 1920 SV Hockenheim - SV Werder Breme"]
[Site "?"]
[Date "2019.12.08"]
[Round "4.6"]
[White "Wagner, Dennis"]
[Black "Werle, Jan"]
[Result "1/2-1/2"]
[WhiteElo "2578"]
[BlackElo "2542"]
[PlyCount "81"]
[EventDate "2019.??.??"]

1. c4 f5 2. Nf3 Nf6 3. g3 g6 4. Bg2 Bg7 5. d4 d6 6. O-O O-O 7. Nc3 c6 8. b3 a5
9. Bb2 Na6 10. Rc1 h6 11. d5 cxd5 12. cxd5 Nc5 13. Nd4 Bd7 14. Re1 Qb6 15. Ba3
Nce4 16. e3 Rac8 17. Nxe4 Nxe4 18. Qd3 Nc5 19. Qb1 Qa6 20. Red1 Qb6 21. Rc4 Na6
22. Rxc8 Bxc8 23. Bb2 Nc5 24. Bc3 Bd7 25. h4 Qd8 26. Qc2 b6 27. Nc6 Qe8 28.
Bxg7 Kxg7 29. a3 Qf7 30. b4 axb4 31. axb4 Ne4 32. Qb2+ Qf6 33. Qxf6+ Kxf6 34.
Ra1 Rc8 35. b5 Nc5 36. Kf1 g5 37. hxg5+ hxg5 38. Ra7 Rh8 39. Ke2 Be8 40. Kf1
Bd7 41. Kg1 1/2-1/2

[Event "BL 1920 SV Hockenheim - SV Werder Breme"]
[Site "?"]
[Date "2019.12.08"]
[Round "4.7"]
[White "Zumsande, Martin"]
[Black "Buhmann, Rainer"]
[Result "1/2-1/2"]
[WhiteElo "2459"]
[BlackElo "2568"]
[PlyCount "62"]
[EventDate "2019.??.??"]

1. e4 c6 2. d4 d5 3. exd5 cxd5 4. Bd3 Nc6 5. c3 Nf6 6. Bf4 Bg4 7. Qb3 Qc8 8.
Nd2 e6 9. Ngf3 Bh5 10. O-O Bg6 11. Bxg6 hxg6 12. h3 Be7 13. Rfe1 O-O 14. a4 a6
15. Qd1 b5 16. b4 Na7 17. Re3 bxa4 18. Rxa4 Nb5 19. Qa1 Nd7 20. Nb3 Nb6 21. Ra2
Nc4 22. Re1 Qc6 23. Rc1 Rfc8 24. Ne1 Ra7 25. Nd3 Bd8 26. Rcc2 Rca8 27. Ra4 Qc8
28. Ndc5 Nb6 29. Raa2 Nc4 30. Ra4 Nb6 31. Raa2 Nc4 1/2-1/2

[Event "BL 1920 SV Hockenheim - SV Werder Breme"]
[Site "?"]
[Date "2019.12.08"]
[Round "4.8"]
[White "Banusz, Tamas"]
[Black "Wachinger, Nikolas"]
[Result "1-0"]
[WhiteElo "2621"]
[BlackElo "2234"]
[PlyCount "85"]
[EventDate "2019.??.??"]

1. Nf3 Nf6 2. g3 g6 3. Bg2 Bg7 4. O-O O-O 5. c4 c5 6. Nc3 Nc6 7. d4 d6 8. dxc5
dxc5 9. Be3 Be6 10. Bxc5 Qa5 11. Ba3 Bxc4 12. Nd2 Be6 13. Qa4 Qh5 14. Rfd1 Nd5
15. Nxd5 Bxd5 16. g4 Qe5 17. Nc4 Bxc4 18. Qxc4 Rac8 19. Rd5 Qe6 20. Rc5 Bd4 21.
Qxe6 fxe6 22. Rc4 Bxf2+ 23. Kh1 Nd4 24. Rac1 Rxc4 25. Rxc4 b5 26. Rc7 Nxe2 27.
Bxe7 Rf4 28. Rc8+ Kf7 29. Bd6 Rd4 30. Rc7+ Kf6 31. Be7+ Ke5 32. Rc2 Rd1+ 33.
Bf1 Rxf1+ 34. Kg2 Nd4 35. Rc5+ Ke4 36. Kxf1 Be3 37. Bf6 a6 38. Bxd4 Bxd4 39.
Rc6 Kd5 40. Rxa6 Bxb2 41. Rb6 Kc4 42. Rxe6 b4 43. Ke2 1-0

[Event "BL 1920 SG Speyer-Schwegenheim - SV Lin"]
[Site "?"]
[Date "2019.12.08"]
[Round "4.1"]
[White "Matlakov, Maxim"]
[Black "Abasov, Nijat"]
[Result "1/2-1/2"]
[WhiteElo "2699"]
[BlackElo "2663"]
[PlyCount "61"]
[EventDate "2019.??.??"]

1. c4 Nf6 2. Nc3 c5 3. Nf3 e6 4. e3 d5 5. cxd5 exd5 6. Bb5+ Nc6 7. d4 Bd6 8.
dxc5 Bxc5 9. O-O O-O 10. b3 a6 11. Bxc6 bxc6 12. Bb2 Bg4 13. Ne2 Bd6 14. Rc1
Rc8 15. Ne5 Bxe5 16. Bxe5 c5 17. h3 Bh5 18. g4 Bg6 19. Nf4 Re8 20. Bxf6 Qxf6
21. Nxg6 hxg6 22. Qxd5 Rcd8 23. Qxc5 Qf3 24. Rc4 Qxh3 25. Rf4 Re6 26. Qc7 Rf8
27. Qb7 g5 28. Rc4 Rd8 29. Qg2 Qxg2+ 30. Kxg2 Rd2 31. Kg3 1/2-1/2

[Event "BL 1920 SG Speyer-Schwegenheim - SV Lin"]
[Site "?"]
[Date "2019.12.08"]
[Round "4.2"]
[White "Neiksans, Arturs"]
[Black "Rodshtein, Maxim"]
[Result "1/2-1/2"]
[WhiteElo "2563"]
[BlackElo "2626"]
[PlyCount "119"]
[EventDate "2019.??.??"]

1. e4 e5 2. Nf3 Nc6 3. Bc4 Bc5 4. O-O Nf6 5. d3 d6 6. c3 a6 7. a4 Ba7 8. Re1
O-O 9. h3 Ne7 10. Nbd2 Ng6 11. d4 c6 12. Bf1 Re8 13. Qc2 d5 14. exd5 exd4 15.
Rxe8+ Qxe8 16. Nxd4 Bxd4 17. cxd4 Nxd5 18. Nf3 f6 19. Bd2 Be6 20. Re1 Qf7 21.
Qc5 Qd7 22. Qa3 Bf7 23. Bc3 a5 24. Bd2 b6 25. Bc4 Nde7 26. Qb3 Bxc4 27. Qxc4+
Nd5 28. Rc1 Nge7 29. Qd3 Rc8 30. Qc4 Ra8 31. Qd3 Nf5 32. Qc4 Rc8 33. b4 axb4
34. Bxb4 Ra8 35. Bd2 Nfe7 36. Qb3 h5 37. Ne1 Nf5 38. Nc2 Qf7 39. Qc4 Nde7 40.
Qb4 Nd5 41. Qc4 Nde7 42. Qb4 Qd5 43. Ne3 Qxd4 44. Nxf5 Nxf5 45. Rxc6 Rxa4 46.
Qb3+ Kh7 47. Bc3 Qe4 48. Rxb6 Rc4 49. Bd2 Nh4 50. Qg3 Rd4 51. Be3 Nf5 52. Qf3
Qxf3 53. gxf3 Rd3 54. Re6 Nh4 55. f4 Kg6 56. Kh2 Nf5 57. Kg2 Kf7 58. Re4 Rb3
59. Kf3 Rb1 60. Kg2 1/2-1/2

[Event "BL 1920 SG Speyer-Schwegenheim - SV Lin"]
[Site "?"]
[Date "2019.12.08"]
[Round "4.3"]
[White "Laznicka, Viktor"]
[Black "Meshkovs, Nikita"]
[Result "1/2-1/2"]
[WhiteElo "2648"]
[BlackElo "2558"]
[PlyCount "55"]
[EventDate "2019.??.??"]

1. c4 e6 2. Nf3 Nf6 3. g3 a6 4. Bg2 b5 5. b3 c5 6. Nc3 Qb6 7. e3 Bb7 8. Qe2 Bc6
9. Nh4 Bxg2 10. Nxg2 b4 11. Na4 Qb7 12. O-O Be7 13. Bb2 d6 14. Rad1 Nbd7 15. d4
O-O 16. f3 a5 17. e4 cxd4 18. Bxd4 Rfd8 19. g4 Ne5 20. Bb6 Re8 21. Bf2 h6 22.
Bg3 Qc6 23. Rde1 Ned7 24. h4 Nc5 25. Nxc5 Qxc5+ 26. Bf2 Qc8 27. Rd1 a4 28. Rd3
1/2-1/2

[Event "BL 1920 SG Speyer-Schwegenheim - SV Lin"]
[Site "?"]
[Date "2019.12.08"]
[Round "4.4"]
[White "Pavlidis, Antonios"]
[Black "Volokitin, Andrei"]
[Result "0-1"]
[WhiteElo "2560"]
[BlackElo "2641"]
[PlyCount "94"]
[EventDate "2019.??.??"]

1. e4 c5 2. Nf3 d6 3. d4 cxd4 4. Nxd4 Nf6 5. Nc3 a6 6. Be2 e5 7. Nb3 Be7 8. Be3
Be6 9. Qd3 O-O 10. O-O Nbd7 11. Nd5 Bxd5 12. exd5 Rc8 13. c4 Ne8 14. Bd2 b6 15.
a4 a5 16. f4 Bf6 17. Qh3 exf4 18. Bxf4 Bxb2 19. Rae1 Be5 20. Be3 g6 21. Nd4
Bxd4 22. Bxd4 f5 23. Bd3 Ne5 24. Qe3 Nf6 25. Bxb6 Nfg4 26. Bxd8 Nxe3 27. Rxe3
Rfxd8 28. Be2 Nxc4 29. Re7 Nb6 30. Ra7 Nxa4 31. Bb5 Nc5 32. Bc6 Rf8 33. Rxa5
Rf7 34. Re1 Kg7 35. h3 Kf6 36. Bb5 Rb8 37. Bf1 Re7 38. Rd1 Reb7 39. Raa1 Rb2
40. Re1 R8b7 41. Bc4 Rc2 42. Bf1 Rd2 43. Ra8 Rxd5 44. g4 Rd2 45. Bg2 Rbb2 46.
Bc6 d5 47. h4 Ne4 0-1